000 00253nam a2200109Ia 4500
008 240625s9999 xx 000 0 und d
041 _aeng
082 _a658.4033 AND
100 _aANDERSON
245 _aQUANTITATIVE METHODS FOR BUSINESS
260 _c2006
999 _c35031
_d35031